000 00974nas a2200349 4500
001 BR2017000516
003 BR-BrBNA
005 20231205130847.0
007 ta
008 230509b bl.|||p| |||| 00| 00por d
040 _aBR-BrBNA
_bpor
_cBiblioteca Nacional de Agricultura
041 _a(Pt)
072 _aK10
100 1 _aSantos, C.Z.A. dos
100 1 _aFerreira, R.A
100 1 _aSantos, L.R.
100 1 _aSanos, L.I.
100 1 _aGomes, S.H.
100 1 _aGraça, D.A.S. da
245 1 _aAnálise qualitativa da arborização urbana de 25 vias públicas da cidade de Aracaju-SE
650 _aCENSO
650 _aMAPA
650 _aARBORIZAÇAO
650 _aCIDADE
650 _aANALISE BIOLOGICA
650 _aARVORE
650 _aPODA
650 _aSERGIPE
773 0 _tCiência Florestal (Brazil)
_xISSN 0103-9954
_g(Sep 2015), v. 25(3) p. 751-763
_wBR2017000516
909 _a202311
_bLúcia
_c55
_dLúcia Elande
942 _2AGRIS
_n0
_cANA
999 _c251703
_d251703